[Event "World Chess Olympiad 2018"]
[Site "Batumi"]
[Date "2018.10.01"]
[Round "7"]
[Board "2"]
[WhiteFideId "1900030"]
[White "Damaso Rui"]
[BlackFideId "9000283"]
[Black "Onkoud Abdelaziz"]
[Result "1-0"]
[LiveChessVersion "1.4.8"]
[BlackElo "2315"]
[WhiteElo "2440"]

1. Nf3 {[%clk 1:30:54]} b6 {[%clk 1:30:21]} 2. d4 {[%clk 1:30:06]} e6
{[%clk 1:30:20]} 3. e4 {[%clk 1:27:57]} Bb7 {[%clk 1:30:29]} 4. Bd3
{[%clk 1:28:17]} c5 {[%clk 1:30:11]} 5. O-O {[%clk 1:28:12]} Nf6 {[%clk 1:26:37]}
6. e5 {[%clk 1:18:46]} Nd5 {[%clk 1:26:49]} 7. Be4 {[%clk 1:19:10]} cxd4
{[%clk 1:14:06]} 8. Nxd4 {[%clk 1:19:07]} Qc7 {[%clk 1:11:58]} 9. Nd2
{[%clk 1:07:27]} a6 {[%clk 1:00:03]} 10. Re1 {[%clk 0:45:35]} Nc6
{[%clk 0:54:03]} 11. Bxd5 {[%clk 0:39:20]} Nxd4 {[%clk 0:53:44]} 12. Bxb7
{[%clk 0:39:42]} Qxb7 {[%clk 0:54:08]} 13. Ne4 {[%clk 0:40:06]} Nf5
{[%clk 0:51:43]} 14. Qh5 {[%clk 0:38:18]} Rc8 {[%clk 0:49:21]} 15. c3
{[%clk 0:30:55]} Rc4 {[%clk 0:47:18]} 16. Qf3 {[%clk 0:30:21]} Qc7
{[%clk 0:44:29]} 17. Bg5 {[%clk 0:24:23]} h6 {[%clk 0:42:58]} 18. Qxf5
{[%clk 0:23:10]} hxg5 {[%clk 0:41:35]} 19. Qxg5 {[%clk 0:23:08]} Rh6
{[%clk 0:37:27]} 20. Rad1 {[%clk 0:21:49]} Rg6 {[%clk 0:35:21]} 21. Qh5
{[%clk 0:21:27]} Rh6 {[%clk 0:34:43]} 22. Qf3 {[%clk 0:19:28]} Qxe5
{[%clk 0:27:21]} 23. Nd6+ {[%clk 0:17:40]} Bxd6 {[%clk 0:27:45]} 24. Rxe5
{[%clk 0:18:04]} Bxe5 {[%clk 0:28:13]} 25. Qa8+ {[%clk 0:16:59]} Ke7
{[%clk 0:26:01]} 26. Qxa6 {[%clk 0:16:36]} d5 {[%clk 0:21:51]} 27. g3
{[%clk 0:15:11]} Bc7 {[%clk 0:22:08]} 28. Qb5 {[%clk 0:14:57]} Rh8
{[%clk 0:21:34]} 29. b3 {[%clk 0:13:55]} Rxc3 {[%clk 0:20:15]} 30. Qb4+
{[%clk 0:14:15]} Rc5 {[%clk 0:20:41]} 31. Rd3 {[%clk 0:14:34]} Rb8
{[%clk 0:19:14]} 32. Kg2 {[%clk 0:14:50]} Bd6 {[%clk 0:19:15]} 33. Qg4
{[%clk 0:14:24]} Be5 {[%clk 0:17:21]} 34. h4 {[%clk 0:10:59]} Rd8
{[%clk 0:13:51]} 35. a4 {[%clk 0:08:56]} d4 {[%clk 0:12:30]} 36. Qe4
{[%clk 0:09:03]} Rdd5 {[%clk 0:12:17]} 37. g4 {[%clk 0:08:44]} Rc3
{[%clk 0:10:22]} 38. g5 {[%clk 0:08:01]} f5 {[%clk 0:06:58]} 39. Qe2
{[%clk 0:07:09]} Rxd3 {[%clk 0:06:56]} 40. Qxd3 {[%clk 0:37:34]} g6
{[%clk 0:37:05]} 41. b4 {[%clk 0:36:57]} Bc7 {[%clk 0:34:26]} 42. Kf1
{[%clk 0:35:29]} Be5 {[%clk 0:20:11]} 43. Ke1 {[%clk 0:34:27]} Bd6
{[%clk 0:19:50]} 44. Qc4 {[%clk 0:33:47]} d3 {[%clk 0:17:55]} 45. Kd1
{[%clk 0:34:11]} Kd7 {[%clk 0:16:40]} 46. f4 {[%clk 0:29:58]} d2 {[%clk 0:10:43]}
47. h5 {[%clk 0:23:25]} gxh5 {[%clk 0:11:02]} 48. g6 {[%clk 0:23:51]} Bf8
{[%clk 0:10:56]} 49. Qc3 {[%clk 0:23:32]} e5 {[%clk 0:06:50]} 50. Qc4
{[%clk 0:16:40]} Kd6 {[%clk 0:06:39]} 51. Qc8 {[%clk 0:16:37]} Bh6
{[%clk 0:06:47]} 52. Qd8+ {[%clk 0:16:35]} Kc6 {[%clk 0:06:19]} 53. Qf6+
{[%clk 0:14:23]} Rd6 {[%clk 0:05:47]} 54. fxe5 {[%clk 0:14:39]} 1-0

[Event "World Chess Olympiad 2018"]
[Site "Batumi"]
[Date "2018.10.01"]
[Round "7"]
[Board "3"]
[WhiteFideId "9001948"]
[White "Saber Yasser"]
[BlackFideId "1909991"]
[Black "Martins David Pires Tavares"]
[Result "0-1"]
[LiveChessVersion "1.4.8"]
[BlackElo "2402"]
[WhiteElo "2192"]

1. d4 {[%clk 1:30:48]} e6 {[%clk 1:30:50]} 2. c4 {[%clk 1:31:09]} Nf6
{[%clk 1:31:08]} 3. Nc3 {[%clk 1:31:29]} Bb4 {[%clk 1:31:28]} 4. e3
{[%clk 1:31:56]} O-O {[%clk 1:31:47]} 5. Bd3 {[%clk 1:32:19]} d5 {[%clk 1:32:07]}
6. Nf3 {[%clk 1:32:44]} c5 {[%clk 1:32:17]} 7. O-O {[%clk 1:33:10]} b6
{[%clk 1:25:15]} 8. cxd5 {[%clk 1:32:25]} exd5 {[%clk 1:25:18]} 9. a3
{[%clk 1:28:10]} Bxc3 {[%clk 1:25:38]} 10. bxc3 {[%clk 1:28:38]} Ba6
{[%clk 1:25:55]} 11. dxc5 {[%clk 1:24:58]} Qc7 {[%clk 1:18:35]} 12. a4
{[%clk 1:16:42]} Rd8 {[%clk 1:14:00]} 13. Ba3 {[%clk 1:01:30]} Ne4
{[%clk 1:11:32]} 14. Rc1 {[%clk 0:51:26]} Nxc5 {[%clk 1:10:18]} 15. Bb5
{[%clk 0:49:23]} Bb7 {[%clk 1:06:14]} 16. Qc2 {[%clk 0:39:29]} Nbd7
{[%clk 1:04:26]} 17. Rfd1 {[%clk 0:38:08]} Ne5 {[%clk 1:02:16]} 18. Nxe5
{[%clk 0:37:59]} Qxe5 {[%clk 1:02:40]} 19. a5 {[%clk 0:30:34]} Rd6
{[%clk 1:01:15]} 20. a6 {[%clk 0:24:16]} Bc6 {[%clk 0:48:45]} 21. c4
{[%clk 0:24:29]} dxc4 {[%clk 0:34:49]} 22. Rxd6 {[%clk 0:22:17]} Qxd6
{[%clk 0:34:57]} 23. Bxc6 {[%clk 0:20:06]} Qxc6 {[%clk 0:35:23]} 24. Qxc4
{[%clk 0:20:17]} Rc8 {[%clk 0:35:16]} 25. h3 {[%clk 0:15:54]} h6 {[%clk 0:35:37]}
26. Rd1 {[%clk 0:12:10]} Ne6 {[%clk 0:34:26]} 27. Qg4 {[%clk 0:07:01]} Qc4
{[%clk 0:31:36]} 28. Qf5 {[%clk 0:06:16]} Qa4 {[%clk 0:24:49]} 29. Rd3
{[%clk 0:04:52]} Rc7 {[%clk 0:22:57]} 30. Bd6 {[%clk 0:03:04]} Rd7
{[%clk 0:20:59]} 31. Bb8 {[%clk 0:00:38]} g6 {[%clk 0:17:35]} 32. Qf6
{[%clk 0:01:06]} Rxd3 {[%clk 0:17:49]} 33. Be5 {[%clk 0:01:34]} Kf8
{[%clk 0:18:09]} 34. Qh8+ {[%clk 0:01:59]} Ke7 {[%clk 0:18:29]} 35. Bf6+
{[%clk 0:02:05]} Kd7 {[%clk 0:14:20]} 36. Qg8 {[%clk 0:02:28]} Qc6
{[%clk 0:14:00]} 37. Qxf7+ {[%clk 0:02:34]} Kc8 {[%clk 0:14:19]} 38. Be5
{[%clk 0:01:15]} Rd7 {[%clk 0:14:02]} 39. Qxg6 {[%clk 0:01:04]} Nd8
{[%clk 0:14:20]} 40. Qf5 {[%clk 0:30:45]} b5 {[%clk 0:41:48]} 41. Bf4
{[%clk 0:27:53]} Qxa6 {[%clk 0:41:56]} 42. e4 {[%clk 0:25:14]} Qc6
{[%clk 0:41:41]} 43. Qe5 {[%clk 0:24:19]} Kb7 {[%clk 0:41:32]} 44. Qb8+
{[%clk 0:24:35]} Ka6 {[%clk 0:41:53]} 45. Kh2 {[%clk 0:23:23]} Ne6
{[%clk 0:39:27]} 46. Bg3 {[%clk 0:23:49]} Qxe4 {[%clk 0:38:38]} 47. Qe8
{[%clk 0:20:18]} Qc6 {[%clk 0:37:56]} 48. f4 {[%clk 0:20:22]} Nd4
{[%clk 0:35:27]} 49. Bf2 {[%clk 0:18:43]} Rg7 {[%clk 0:35:28]} 50. Qxc6+
{[%clk 0:17:54]} Nxc6 {[%clk 0:35:52]} 51. g4 {[%clk 0:14:41]} b4
{[%clk 0:36:13]} 52. Be1 {[%clk 0:13:59]} Re7 {[%clk 0:36:32]} 53. Bh4
{[%clk 0:14:28]} Rf7 {[%clk 0:36:43]} 0-1

[Event "World Chess Olympiad 2018"]
[Site "Batumi"]
[Date "2018.10.01"]
[Round "7"]
[Board "4"]
[WhiteFideId "1917617"]
[White "Sousa Andre Ventura"]
[BlackFideId "9000720"]
[Black "Aithmidou Mohamed-Mehdi"]
[Result "1/2-1/2"]
[LiveChessVersion "1.4.8"]
[BlackElo "2244"]
[WhiteElo "2365"]

1. Nf3 {[%clk 1:30:58]} d5 {[%clk 1:27:08]} 2. d4 {[%clk 1:30:29]} Nf6
{[%clk 1:25:26]} 3. g3 {[%clk 1:29:14]} Bg4 {[%clk 1:25:40]} 4. Bg2
{[%clk 1:29:27]} e6 {[%clk 1:25:40]} 5. c4 {[%clk 1:29:39]} c6 {[%clk 1:25:26]}
6. O-O {[%clk 1:29:39]} Be7 {[%clk 1:19:41]} 7. Bf4 {[%clk 1:24:32]} Qb6
{[%clk 1:16:05]} 8. Qb3 {[%clk 1:12:37]} Qxb3 {[%clk 1:03:17]} 9. axb3
{[%clk 1:13:02]} Na6 {[%clk 1:03:19]} 10. Nc3 {[%clk 1:12:39]} Nb4
{[%clk 1:03:23]} 11. Ra4 {[%clk 1:08:53]} Nd7 {[%clk 0:51:30]} 12. c5
{[%clk 1:05:42]} Bxf3 {[%clk 0:43:30]} 13. Bxf3 {[%clk 1:05:51]} b5
{[%clk 0:43:27]} 14. cxb6 {[%clk 1:03:17]} Nxb6 {[%clk 0:43:36]} 15. Ra5
{[%clk 1:02:52]} Kd7 {[%clk 0:42:47]} 16. Rfa1 {[%clk 0:56:31]} a6
{[%clk 0:39:53]} 17. Rc1 {[%clk 0:31:43]} Bf6 {[%clk 0:32:15]} 18. Rd1
{[%clk 0:27:19]} Nc2 {[%clk 0:30:30]} 19. e3 {[%clk 0:25:49]} Be7
{[%clk 0:22:43]} 20. h4 {[%clk 0:23:35]} g6 {[%clk 0:18:55]} 21. Be2
{[%clk 0:23:23]} h6 {[%clk 0:19:05]} 22. g4 {[%clk 0:17:37]} Bxh4
{[%clk 0:16:52]} 23. Na2 {[%clk 0:18:01]} Be7 {[%clk 0:16:11]} 24. Rc5
{[%clk 0:18:23]} Bxc5 {[%clk 0:09:53]} 25. dxc5 {[%clk 0:18:49]} Nc8
{[%clk 0:10:06]} 26. Bd3 {[%clk 0:19:11]} Nxe3 {[%clk 0:09:38]} 27. fxe3
{[%clk 0:19:24]} f6 {[%clk 0:06:02]} 28. Bxg6 {[%clk 0:16:43]} Ne7
{[%clk 0:06:29]} 29. Bh5 {[%clk 0:13:57]} e5 {[%clk 0:06:49]} 30. Bg3
{[%clk 0:14:25]} Rab8 {[%clk 0:06:07]} 31. Rd3 {[%clk 0:12:43]} Rb5
{[%clk 0:05:20]} 32. Rc3 {[%clk 0:10:51]} Ke6 {[%clk 0:05:00]} 33. Nc1
{[%clk 0:10:08]} Rhb8 {[%clk 0:04:24]} 34. Rc2 {[%clk 0:08:59]} Rb4
{[%clk 0:03:02]} 35. Bh4 {[%clk 0:06:16]} Rg8 {[%clk 0:02:32]} 36. Kf1
{[%clk 0:05:31]} Ng6 {[%clk 0:01:32]} 37. Be1 {[%clk 0:04:45]} Re4
{[%clk 0:01:46]} 38. Re2 {[%clk 0:05:08]} Ne7 {[%clk 0:00:41]} 39. Nd3
{[%clk 0:05:15]} d4 {[%clk 0:00:44]} 40. exd4 {[%clk 0:33:56]} Rxd4
{[%clk 0:30:44]} 41. Nb4 {[%clk 0:30:34]} a5 {[%clk 0:19:53]} 42. Nc2
{[%clk 0:31:00]} Rd3 {[%clk 0:17:37]} 43. Bxa5 {[%clk 0:29:57]} Nd5
{[%clk 0:18:02]} 44. Bd2 {[%clk 0:28:23]} Kd7 {[%clk 0:13:43]} 45. b4
{[%clk 0:24:11]} Rh3 {[%clk 0:11:07]} 46. Rf2 {[%clk 0:19:24]} Ke7
{[%clk 0:06:46]} 47. b5 {[%clk 0:17:12]} cxb5 {[%clk 0:06:44]} 48. Nb4
{[%clk 0:17:35]} Nxb4 {[%clk 0:05:58]} 49. Bxb4 {[%clk 0:18:01]} Rb3
{[%clk 0:06:20]} 50. Bc3 {[%clk 0:18:15]} Rc8 {[%clk 0:02:18]} 51. Bg6
{[%clk 0:17:56]} Rxc5 {[%clk 0:01:45]} 52. Bc2 {[%clk 0:17:34]} Rbxc3
{[%clk 0:02:01]} 53. bxc3 {[%clk 0:18:00]} Rxc3 {[%clk 0:02:26]} 54. Rd2
{[%clk 0:18:26]} Rc4 {[%clk 0:02:12]} 55. Bf5 {[%clk 0:18:30]} 1/2-1/2

[Event "World Chess Olympiad 2018"]
[Site "Batumi"]
[Date "2018.10.01"]
[Round "7"]
[Board "1"]
[WhiteFideId "4692055"]
[White "Bogner Sebastian"]
[BlackFideId "3801497"]
[Black "Cordova Emilio"]
[Result "1/2-1/2"]
[LiveChessVersion "1.4.8"]
[BlackElo "2609"]
[WhiteElo "2619"]

1. e4 {[%clk 1:30:57]} c5 {[%clk 1:30:54]} 2. Nf3 {[%clk 1:31:17]} Nc6
{[%clk 1:31:20]} 3. d4 {[%clk 1:31:38]} cxd4 {[%clk 1:31:45]} 4. Nxd4
{[%clk 1:31:59]} Nf6 {[%clk 1:32:10]} 5. Nc3 {[%clk 1:32:21]} e5 {[%clk 1:32:35]}
6. Ndb5 {[%clk 1:32:45]} d6 {[%clk 1:32:59]} 7. Bg5 {[%clk 1:32:36]} a6
{[%clk 1:33:24]} 8. Na3 {[%clk 1:32:57]} b5 {[%clk 1:33:47]} 9. Nd5
{[%clk 1:33:15]} Be7 {[%clk 1:34:11]} 10. Bxf6 {[%clk 1:33:37]} Bxf6
{[%clk 1:34:36]} 11. c4 {[%clk 1:33:59]} b4 {[%clk 1:34:39]} 12. Nc2
{[%clk 1:34:23]} a5 {[%clk 1:34:59]} 13. Qf3 {[%clk 1:34:39]} Be6
{[%clk 1:34:37]} 14. Rd1 {[%clk 1:32:24]} Bxd5 {[%clk 1:30:29]} 15. Rxd5
{[%clk 1:32:09]} Ne7 {[%clk 1:24:51]} 16. Rb5 {[%clk 1:26:18]} Rb8
{[%clk 1:22:35]} 17. Bd3 {[%clk 1:18:30]} Bg5 {[%clk 1:18:53]} 18. O-O
{[%clk 1:17:22]} O-O {[%clk 1:18:07]} 19. Rd1 {[%clk 0:59:53]} Qc7
{[%clk 1:18:18]} 20. a3 {[%clk 0:55:30]} b3 {[%clk 1:03:52]} 21. Nd4
{[%clk 0:55:56]} a4 {[%clk 1:02:01]} 22. Bf1 {[%clk 0:49:01]} h6 {[%clk 0:46:46]}
23. Rxb8 {[%clk 0:48:22]} Qxb8 {[%clk 0:47:11]} 24. Nb5 {[%clk 0:48:37]} Nc6
{[%clk 0:43:01]} 25. Qc3 {[%clk 0:35:36]} Be7 {[%clk 0:38:46]} 26. Rd5
{[%clk 0:33:48]} Rd8 {[%clk 0:34:01]} 27. g3 {[%clk 0:30:05]} Qc8
{[%clk 0:17:14]} 28. Kg2 {[%clk 0:24:29]} Kf8 {[%clk 0:13:49]} 29. Be2
{[%clk 0:22:50]} Kg8 {[%clk 0:12:12]} 30. h4 {[%clk 0:20:27]} Bf8
{[%clk 0:09:39]} 31. Qd2 {[%clk 0:18:21]} Qb8 {[%clk 0:08:31]} 32. c5
{[%clk 0:07:38]} dxc5 {[%clk 0:08:17]} 33. Rxd8 {[%clk 0:07:20]} Qxd8
{[%clk 0:07:27]} 34. Qxd8 {[%clk 0:06:07]} Nxd8 {[%clk 0:07:53]} 35. Nc3
{[%clk 0:06:32]} Nc6 {[%clk 0:05:25]} 36. Nxa4 {[%clk 0:06:59]} Na5
{[%clk 0:05:50]} 37. Nb6 {[%clk 0:07:26]} c4 {[%clk 0:04:50]} 38. Bxc4
{[%clk 0:05:10]} Bc5 {[%clk 0:04:45]} 39. Na4 {[%clk 0:05:36]} Nxc4
{[%clk 0:02:12]} 40. Nxc5 {[%clk 0:36:04]} Nxa3 {[%clk 0:32:33]} 41. Kf3
{[%clk 0:32:40]} Nc4 {[%clk 0:30:57]} 42. Na4 {[%clk 0:31:12]} g6
{[%clk 0:27:07]} 43. Ke2 {[%clk 0:31:11]} f5 {[%clk 0:27:29]} 44. Kd3
{[%clk 0:31:14]} Nd6 {[%clk 0:27:39]} 45. Nc5 {[%clk 0:30:47]} Kf7
{[%clk 0:27:57]} 46. f3 {[%clk 0:28:57]} h5 {[%clk 0:27:08]} 47. Nxb3
{[%clk 0:29:10]} g5 {[%clk 0:26:04]} 48. Nd2 {[%clk 0:25:26]} Kf6
{[%clk 0:25:20]} 49. hxg5+ {[%clk 0:23:06]} Kxg5 {[%clk 0:25:46]} 50. exf5
{[%clk 0:23:29]} Nxf5 {[%clk 0:22:56]} 51. Ne4+ {[%clk 0:23:53]} Kg6
{[%clk 0:23:24]} 52. g4 {[%clk 0:12:29]} Nh4 {[%clk 0:18:31]} 53. gxh5+
{[%clk 0:12:11]} Kxh5 {[%clk 0:18:58]} 54. Nd2 {[%clk 0:12:24]} Kg5
{[%clk 0:19:12]} 55. Ke4 {[%clk 0:12:27]} Kf6 {[%clk 0:19:00]} 56. Nc4
{[%clk 0:11:10]} Ng6 {[%clk 0:19:22]} 57. b3 {[%clk 0:11:16]} Ke6
{[%clk 0:19:46]} 58. b4 {[%clk 0:11:40]} Ne7 {[%clk 0:17:47]} 59. Nxe5
{[%clk 0:11:55]} Nd5 {[%clk 0:18:11]} 60. Nd3 {[%clk 0:12:10]} Kd6
{[%clk 0:18:34]} 61. f4 {[%clk 0:11:44]} Nc3+ {[%clk 0:18:49]} 62. Kd4
{[%clk 0:11:38]} Ne2+ {[%clk 0:18:19]} 63. Kc4 {[%clk 0:11:57]} Kc6
{[%clk 0:18:19]} 64. Ne5+ {[%clk 0:11:58]} Kd6 {[%clk 0:18:33]} 65. Nd3
{[%clk 0:11:55]} Kc6 {[%clk 0:18:31]} 66. b5+ {[%clk 0:09:39]} Kb6
{[%clk 0:18:30]} 67. Kb4 {[%clk 0:03:44]} Nd4 {[%clk 0:18:54]} 68. Ne5
{[%clk 0:04:10]} Nxb5 {[%clk 0:19:07]} 69. f5 {[%clk 0:04:34]} Nd6
{[%clk 0:18:14]} 70. f6 {[%clk 0:04:48]} Kc7 {[%clk 0:18:29]} 71. f7
{[%clk 0:05:04]} Nxf7 {[%clk 0:18:54]} 72. Nxf7 1/2-1/2

[Event "World Chess Olympiad 2018"]
[Site "Batumi"]
[Date "2018.10.01"]
[Round "7"]
[Board "2"]
[WhiteFideId "3802272"]
[White "Cori Jorge"]
[BlackFideId "1301837"]
[Black "Pelletier Yannick"]
[Result "1-0"]
[LiveChessVersion "1.4.8"]
[BlackElo "2544"]
[WhiteElo "2664"]

1. d4 {[%clk 1:30:57]} Nf6 {[%clk 1:30:52]} 2. c4 {[%clk 1:31:22]} e6
{[%clk 1:31:13]} 3. Nf3 {[%clk 1:31:47]} d5 {[%clk 1:31:19]} 4. Nc3
{[%clk 1:31:59]} dxc4 {[%clk 1:31:24]} 5. e3 {[%clk 1:32:23]} a6 {[%clk 1:31:41]}
6. a4 {[%clk 1:29:25]} c5 {[%clk 1:31:56]} 7. Bxc4 {[%clk 1:29:50]} Nc6
{[%clk 1:32:15]} 8. O-O {[%clk 1:30:17]} Be7 {[%clk 1:31:57]} 9. Qe2
{[%clk 1:27:32]} cxd4 {[%clk 1:32:14]} 10. exd4 {[%clk 1:26:18]} Nxd4
{[%clk 1:31:01]} 11. Nxd4 {[%clk 1:26:43]} Qxd4 {[%clk 1:31:24]} 12. Rd1
{[%clk 1:26:36]} Qg4 {[%clk 1:09:14]} 13. f3 {[%clk 1:21:14]} Qh5
{[%clk 1:09:17]} 14. a5 {[%clk 1:13:55]} Bd7 {[%clk 1:00:19]} 15. g4
{[%clk 1:01:35]} Qh3 {[%clk 0:57:32]} 16. g5 {[%clk 0:24:27]} Bc6
{[%clk 0:53:22]} 17. gxf6 {[%clk 0:23:08]} Bc5+ {[%clk 0:33:27]} 18. Be3
{[%clk 0:23:33]} Bxf3 {[%clk 0:30:38]} 19. Bxc5 {[%clk 0:23:37]} gxf6
{[%clk 0:23:04]} 20. Qf1 {[%clk 0:18:30]} Rg8+ {[%clk 0:21:03]} 21. Kf2
{[%clk 0:18:57]} Qf5 {[%clk 0:21:02]} 22. Ke3 {[%clk 0:14:31]} Qxc5+
{[%clk 0:13:44]} 23. Kxf3 {[%clk 0:14:56]} Qf5+ {[%clk 0:12:46]} 24. Ke3
{[%clk 0:13:32]} Qe5+ {[%clk 0:13:05]} 25. Kd2 {[%clk 0:13:18]} Qxh2+
{[%clk 0:06:29]} 26. Kc1 {[%clk 0:12:00]} Rg2 {[%clk 0:01:30]} 27. Be2
{[%clk 0:05:19]} Rc8 {[%clk 0:01:20]} 28. Kb1 {[%clk 0:05:45]} f5
{[%clk 0:01:04]} 29. Qf3 {[%clk 0:05:12]} Kf8 {[%clk 0:00:37]} 30. Qxb7
{[%clk 0:04:07]} Rb8 {[%clk 0:00:41]} 31. Qxa6 {[%clk 0:04:28]} Kg7
{[%clk 0:00:45]} 32. Qd3 {[%clk 0:03:51]} Rb3 {[%clk 0:00:34]} 33. a6
{[%clk 0:03:44]} Rg3 {[%clk 0:00:31]} 34. Qd4+ {[%clk 0:03:57]} 1-0

[Event "World Chess Olympiad 2018"]
[Site "Batumi"]
[Date "2018.10.01"]
[Round "7"]
[Board "3"]
[WhiteFideId "1300113"]
[White "Georgiadis Nico"]
[BlackFideId "3805662"]
[Black "Martinez Alcantara Jose Eduardo"]
[Result "1-0"]
[LiveChessVersion "1.4.8"]
[BlackElo "2565"]
[WhiteElo "2522"]

1. d4 {[%clk 1:30:56]} Nf6 {[%clk 1:30:57]} 2. c4 {[%clk 1:31:18]} e6
{[%clk 1:31:23]} 3. Nf3 {[%clk 1:31:32]} Bb4+ {[%clk 1:31:46]} 4. Bd2
{[%clk 1:31:54]} Qe7 {[%clk 1:31:43]} 5. g3 {[%clk 1:32:01]} Bxd2+
{[%clk 1:32:08]} 6. Qxd2 {[%clk 1:32:26]} Nc6 {[%clk 1:32:33]} 7. e3
{[%clk 1:32:06]} d5 {[%clk 1:31:37]} 8. Qc3 {[%clk 1:31:55]} O-O {[%clk 1:19:06]}
9. Nbd2 {[%clk 1:30:52]} dxc4 {[%clk 1:16:56]} 10. Nxc4 {[%clk 1:13:16]} Nb4
{[%clk 1:00:41]} 11. Bg2 {[%clk 1:04:37]} c5 {[%clk 0:57:12]} 12. O-O
{[%clk 1:02:55]} Nfd5 {[%clk 0:47:44]} 13. Qd2 {[%clk 0:55:45]} Rd8
{[%clk 0:47:05]} 14. dxc5 {[%clk 0:46:14]} Qxc5 {[%clk 0:44:42]} 15. Nce5
{[%clk 0:40:36]} Qb6 {[%clk 0:38:06]} 16. Rfd1 {[%clk 0:39:54]} Bd7
{[%clk 0:35:57]} 17. Nxd7 {[%clk 0:27:13]} Rxd7 {[%clk 0:36:22]} 18. Ne5
{[%clk 0:25:22]} Rdd8 {[%clk 0:36:14]} 19. a3 {[%clk 0:24:11]} Nc6
{[%clk 0:36:14]} 20. Nxc6 {[%clk 0:23:56]} bxc6 {[%clk 0:36:40]} 21. Qc2
{[%clk 0:23:15]} a5 {[%clk 0:32:20]} 22. Rac1 {[%clk 0:23:12]} h6
{[%clk 0:29:05]} 23. Rd2 {[%clk 0:19:53]} Rdc8 {[%clk 0:26:07]} 24. Qc5
{[%clk 0:19:26]} Qb7 {[%clk 0:25:48]} 25. h4 {[%clk 0:19:02]} a4 {[%clk 0:23:37]}
26. Bf3 {[%clk 0:18:34]} Rab8 {[%clk 0:20:42]} 27. Rc4 {[%clk 0:17:42]} Qa8
{[%clk 0:18:29]} 28. Rdc2 {[%clk 0:15:23]} Rb3 {[%clk 0:15:05]} 29. Kg2
{[%clk 0:08:12]} Qa6 {[%clk 0:09:45]} 30. Qd4 {[%clk 0:07:10]} Qb5
{[%clk 0:09:43]} 31. Rc5 {[%clk 0:06:15]} Qa6 {[%clk 0:08:10]} 32. Be2
{[%clk 0:05:48]} Qa8 {[%clk 0:07:24]} 33. Bc4 {[%clk 0:03:57]} Rbb8
{[%clk 0:07:12]} 34. Be2 {[%clk 0:03:31]} Rb3 {[%clk 0:07:38]} 35. e4
{[%clk 0:03:00]} Nf6 {[%clk 0:05:37]} 36. Rd2 {[%clk 0:02:39]} Rb7
{[%clk 0:03:30]} 37. Qc4 {[%clk 0:01:47]} Rd7 {[%clk 0:03:44]} 38. Rc2
{[%clk 0:01:57]} Rcd8 {[%clk 0:04:09]} 39. Rxc6 {[%clk 0:01:02]} Qb7
{[%clk 0:03:16]} 40. Qxa4 {[%clk 0:30:37]} Rd4 {[%clk 0:33:40]} 41. Qb5
{[%clk 0:26:53]} Qd7 {[%clk 0:32:58]} 42. Rc7 {[%clk 0:23:16]} Qxb5
{[%clk 0:33:14]} 43. Bxb5 {[%clk 0:23:42]} Nxe4 {[%clk 0:33:37]} 44. a4
{[%clk 0:13:12]} Nd6 {[%clk 0:31:40]} 45. Bc6 {[%clk 0:12:29]} Nc4
{[%clk 0:31:33]} 46. Bf3 {[%clk 0:08:47]} Na5 {[%clk 0:27:59]} 47. Ra7
{[%clk 0:07:41]} Rxa4 {[%clk 0:26:53]} 48. Rcc7 {[%clk 0:04:18]} Rf8
{[%clk 0:27:09]} 49. Bh5 {[%clk 0:01:42]} Rc4 {[%clk 0:27:33]} 50. Rxf7
{[%clk 0:01:38]} Rxf7 {[%clk 0:27:37]} 51. Bxf7+ {[%clk 0:02:04]} Kf8
{[%clk 0:28:04]} 52. Bxe6 {[%clk 0:02:22]} Rc6 {[%clk 0:28:13]} 53. Rxa5
{[%clk 0:00:44]} Rxe6 {[%clk 0:28:42]} 54. Rb5 {[%clk 0:01:07]} Ke7
{[%clk 0:28:43]} 55. g4 {[%clk 0:01:04]} Re4 {[%clk 0:28:49]} 56. f3
{[%clk 0:01:13]} Re2+ {[%clk 0:29:00]} 57. Kg3 {[%clk 0:01:40]} Kf6
{[%clk 0:28:28]} 58. Rb6+ {[%clk 0:01:52]} Ke5 {[%clk 0:27:58]} 59. Rg6
{[%clk 0:01:51]} Rxb2 {[%clk 0:27:43]} 60. Rxg7 {[%clk 0:02:18]} Kf6
{[%clk 0:28:01]} 61. Ra7 {[%clk 0:02:23]} Rb6 {[%clk 0:28:22]} 62. Ra5
{[%clk 0:02:35]} Kg6 {[%clk 0:28:46]} 63. h5+ {[%clk 0:02:36]} Kf6
{[%clk 0:29:02]} 64. Ra7 {[%clk 0:02:11]} Re6 {[%clk 0:29:27]} 65. Kf4
{[%clk 0:01:29]} Re8 {[%clk 0:29:25]} 66. Rh7 {[%clk 0:01:38]} Rf8
{[%clk 0:29:51]} 67. Kg3 {[%clk 0:02:02]} Kg5 {[%clk 0:29:52]} 68. Rg7+
{[%clk 0:02:15]} Kf6 {[%clk 0:29:52]} 69. Rg6+ {[%clk 0:02:42]} Ke5
{[%clk 0:29:37]} 70. Rxh6 {[%clk 0:03:04]} Kd5 {[%clk 0:30:01]} 71. Ra6
{[%clk 0:02:45]} 1-0

[Event "World Chess Olympiad 2018"]
[Site "Batumi"]
[Date "2018.10.01"]
[Round "7"]
[Board "4"]
[WhiteFideId "3801969"]
[White "Cruz Cristhian"]
[BlackFideId "1319620"]
[Black "Studer Noel"]
[Result "0-1"]
[LiveChessVersion "1.4.8"]
[BlackElo "2484"]
[WhiteElo "2571"]

1. d4 {[%clk 1:30:57]} d5 {[%clk 1:30:56]} 2. c4 {[%clk 1:31:13]} dxc4
{[%clk 1:31:23]} 3. e4 {[%clk 1:31:26]} Nf6 {[%clk 1:31:47]} 4. e5
{[%clk 1:31:42]} Nd5 {[%clk 1:32:13]} 5. Bxc4 {[%clk 1:31:55]} Bf5
{[%clk 1:31:35]} 6. Ne2 {[%clk 1:31:47]} e6 {[%clk 1:31:31]} 7. O-O
{[%clk 1:30:49]} Nb6 {[%clk 1:30:47]} 8. Bb3 {[%clk 1:30:36]} Nc6
{[%clk 1:31:12]} 9. Nbc3 {[%clk 1:30:26]} Qd7 {[%clk 1:31:38]} 10. Be3
{[%clk 1:30:16]} O-O-O {[%clk 1:32:03]} 11. a3 {[%clk 1:29:56]} Kb8
{[%clk 1:19:46]} 12. Qc1 {[%clk 1:23:41]} h5 {[%clk 1:12:27]} 13. Rd1
{[%clk 1:22:34]} Qe8 {[%clk 1:12:47]} 14. Bc2 {[%clk 1:00:42]} Bxc2
{[%clk 1:11:53]} 15. Qxc2 {[%clk 1:01:09]} f6 {[%clk 1:12:17]} 16. Nf4
{[%clk 0:45:03]} g5 {[%clk 0:43:43]} 17. Nfe2 {[%clk 0:39:57]} Bg7
{[%clk 0:41:05]} 18. exf6 {[%clk 0:37:51]} Bxf6 {[%clk 0:41:31]} 19. Ne4
{[%clk 0:38:14]} Qg6 {[%clk 0:41:44]} 20. Rac1 {[%clk 0:38:39]} Nd5
{[%clk 0:36:07]} 21. Nc5 {[%clk 0:37:30]} Qxc2 {[%clk 0:34:09]} 22. Rxc2
{[%clk 0:37:57]} e5 {[%clk 0:26:45]} 23. Ne4 {[%clk 0:28:35]} Nxe3
{[%clk 0:17:05]} 24. fxe3 {[%clk 0:28:59]} Bg7 {[%clk 0:17:21]} 25. d5
{[%clk 0:27:19]} Ne7 {[%clk 0:17:41]} 26. N2c3 {[%clk 0:27:08]} Bh6
{[%clk 0:15:06]} 27. Kf2 {[%clk 0:16:16]} g4 {[%clk 0:14:39]} 28. Ke2
{[%clk 0:16:41]} Rhf8 {[%clk 0:09:00]} 29. Rd3 {[%clk 0:12:24]} Nf5
{[%clk 0:05:26]} 30. Nc5 {[%clk 0:04:08]} g3 {[%clk 0:05:09]} 31. hxg3
{[%clk 0:01:34]} Nxg3+ {[%clk 0:05:33]} 32. Kd1 {[%clk 0:02:03]} Rf1+
{[%clk 0:05:13]} 33. Kd2 {[%clk 0:02:32]} Rg1 {[%clk 0:05:32]} 34. Ne6
{[%clk 0:01:32]} Rg8 {[%clk 0:04:39]} 35. Nb5 {[%clk 0:01:50]} Ne4+
{[%clk 0:04:33]} 36. Ke2 {[%clk 0:02:19]} R1xg2+ {[%clk 0:02:53]} 37. Kf3
{[%clk 0:02:48]} Rxc2 {[%clk 0:03:02]} 38. Kxe4 {[%clk 0:03:17]} h4
{[%clk 0:03:19]} 39. d6 {[%clk 0:01:48]} cxd6 {[%clk 0:03:38]} 40. Rxd6
{[%clk 0:31:38]} Rc6 {[%clk 0:33:30]} 0-1